[Event "tht Extraliga 16/17,Novy Bor-Rapid Pardubice"]
[Site "Praha"]
[Date "2016.12.10"]
[Round "3.5"]
[White "Bartel, Mateusz"]
[Black "Petr, Martin"]
[WhiteElo "2641"]
[BlackElo "2500"]
[Result "1-0"]
[PlyCount "85"]

1. e4 e6 2. d4 d5 3. Nc3 Bb4 4. e5 Ne7 5. a3 Bxc3+ 6. bxc3 c5 7. h4 Qc7 8. h5
h6 9. Rb1 b6 10. Qg4 Nf5 11. Bb5+ Nc6 12. Nf3 Bd7 13. Bd3 O-O 14. Qf4 f6 15.
exf6 Qxf4 16. Bxf4 Rxf6 17. Ne5 Be8 18. Nxc6 Bxc6 19. Be5 Rf7 20. g4 c4 21.
gxf5 cxd3 22. fxe6 Re7 23. cxd3 Rxe6 24. Kd2 Rf8 25. f4 Rf7 26. Rbg1 Ree7 27.
Rg6 Bd7 28. Rhg1 Kh7 29. c4 dxc4 30. dxc4 Bf5 31. d5 Rb7 32. Kc3 Rfd7 33. Kd4
Rf7 34. a4 a5 35. R1g2 Rfd7 36. Rc6 Rf7 37. Rb2 Bd7 38. Rcxb6 Rxb6 39. Rxb6
Bxa4 40. c5 Bd1 41. c6 Bxh5 42. d6 Bg4 43. Rb7 1-0

[Event "tht Extraliga 16/17,Novy Bor-Rapid Pardubice"]
[Site "Praha"]
[Date "2016.12.10"]
[Round "3.6"]
[White "Marek, Matyas"]
[Black "Hracek, Zbynek"]
[WhiteElo "2373"]
[BlackElo "2608"]
[Result "0-1"]
[PlyCount "136"]

1. e4 c5 2. Nf3 d6 3. d4 cxd4 4. Nxd4 Nf6 5. f3 Nc6 6. c4 e6 7. Nc3 Be7 8. Be3
O-O 9. Be2 d5 10. cxd5 exd5 11. exd5 Nxd5 12. Nxd5 Qxd5 13. Nxc6 Qxc6 14. Rc1
Qe6 15. Qb3 Qxb3 16. axb3 Bf6 17. Rc2 Be6 18. b4 Rfc8 19. Rxc8+ Rxc8 20. Kf2
Rc2 21. Rc1 Rxb2 22. b5 b6 23. Rc7 h5 24. Kf1 Ra2 25. f4 g6 26. Bf3 Ra5 27. Be2
Ra1+ 28. Kf2 Ra2 29. Kf1 Kf8 30. Bf3 Ra5 31. Be2 Ke8 32. h3 h4 33. Kf2 Kd8 34.
Rc2 Bd7 35. Bd2 Bd4+ 36. Ke1 Ra4 37. Rc4 Ra1+ 38. Rc1 Ra3 39. Bc4 Be6 40. Bxe6
fxe6 41. Rc6 Ra1+ 42. Ke2 Kd7 43. Bb4 a5 44. Rd6+ Ke7 45. Rxd4+ axb4 46. Rxb4
Kf6 47. Re4 Ra3 48. Re5 Rg3 49. Kf2 Rd3 50. Re4 Rd5 51. Rb4 Kf5 52. Kf3 Rd3+
53. Ke2 Rc3 54. Kf2 Rg3 55. Kf1 Re3 56. Kf2 Re4 57. Rb2 Rxf4+ 58. Ke3 Ke5 59.
Kd3 g5 60. Ke3 Rc4 61. Kd3 Kd5 62. Rb1 e5 63. Rb3 e4+ 64. Kd2 Kd4 65. g3 Ra4
66. gxh4 gxh4 67. Ke2 Ra2+ 68. Ke1 Rc2 0-1

[Event "tht Extraliga 16/17,Novy Bor-Rapid Pardubice"]
[Site "Praha"]
[Date "2016.12.10"]
[Round "3.7"]
[White "Babula, Vlastimil"]
[Black "Konopka, Michal"]
[WhiteElo "2558"]
[BlackElo "2392"]
[Result "1/2-1/2"]
[PlyCount "66"]

1. d4 d5 2. c4 dxc4 3. e3 e5 4. Bxc4 exd4 5. exd4 Bd6 6. Nf3 Nf6 7. Qe2+ Qe7 8.
Qxe7+ Bxe7 9. O-O Nbd7 10. Nc3 Nb6 11. Bb3 c6 12. Bg5 Nfd5 13. Bxe7 Kxe7 14.
Rfe1+ Be6 15. Ng5 h6 16. Nxe6 fxe6 17. Re2 Rhe8 18. Rae1 Kf7 19. Ne4 Re7 20.
Nd6+ Kf6 21. Bc2 g5 22. g3 Rd8 23. Ne4+ Kf7 24. Nc5 Rde8 25. Kg2 Nc4 26. Nd3
Kf6 27. Rh1 e5 28. Bb3 e4 29. Bxc4 exd3 30. Rxe7 Rxe7 31. Bxd3 Nb4 32. Bc4 b5
33. a3 Nc2 1/2-1/2

[Event "tht Extraliga 16/17,Novy Bor-Rapid Pardubice"]
[Site "Praha"]
[Date "2016.12.10"]
[Round "3.8"]
[White "Pulpan, Jakub"]
[Black "Zilka, Stepan"]
[WhiteElo "2401"]
[BlackElo "2534"]
[Result "1/2-1/2"]
[PlyCount "59"]

1. e4 c6 2. d3 d5 3. Nd2 e5 4. Ngf3 Bd6 5. d4 exd4 6. exd5 cxd5 7. Nxd4 Nc6 8.
N2b3 Nf6 9. Bg5 O-O 10. Be2 Ne5 11. Bf4 Nf3+ 12. Bxf3 Bxf4 13. O-O Bc7 14. Re1
a6 15. g3 Qd6 16. Qd3 g6 17. c4 Rd8 18. c5 Qf8 19. c6 b6 20. Rac1 Qd6 21. Bg2
h5 22. h4 Re8 23. Rxe8+ Nxe8 24. Re1 Nf6 25. Qc3 Bg4 26. Ne6 Bxe6 27. Qxf6 Bd8
28. Qf3 Qb4 29. Rc1 Rc8 30. Qd3 1/2-1/2

[Event "tht Extraliga 16/17,Lysa nad Labem B-Duras Brno"]
[Site "Lysa nad Labem"]
[Date "2016.12.10"]
[Round "3.1"]
[White "Potkin, Vladimir"]
[Black "Ponizil, Cyril"]
[WhiteElo "2597"]
[BlackElo "2491"]
[Result "0-1"]

1. e4  c5  2. Nf3  Nc6
3. d4  cxd4  4. Nxd4
Qb6  5. Nb3  Nf6
6. Nc3  e6  7. Qe2
Bb4  8. Bd2  O-O
9. a3  Be7  10. O-O-O
d5  11. e5  Nd7
12. f4  Nc5  13. Nxc5  Qxc5
14. h4  Bd7  15. Qh5
Be8  16. Bd3  f5
17. Qe2  Nd4  18. Qe1
Qb6  19. h5  Rc8
20. Rh3  Rf7  21. Be3
Bc5  22. Bd2  Rfc7
23. Qg3  Bf8  24. h6
g6  25. Be3  Bxa3
26. bxa3  Rxc3  27. Kd2
Rxd3+  0-1

[Event "tht Extraliga 16/17,Lysa nad Labem B-Duras Brno"]
[Site "Lysa nad Labem"]
[Date "2016.12.10"]
[Round "3.2"]
[White "Polak, Tomas"]
[Black "Vorobiov, Evgeny"]
[WhiteElo "2497"]
[BlackElo "2583"]
[Result "1/2-1/2"]

1. d4  Nf6  2. c4  e6
3. Nf3  d5  4. Nc3
dxc4  5. e4  Bb4
6. Bg5  c5  7. e5
cxd4  8. Nxd4  Qa5
9. exf6  Bxc3+  10. bxc3
Qxg5  11. fxg7  Qxg7
12. Qd2  O-O  13. Bxc4
Rd8  14. Qe3  Bd7
15. O-O  Nc6  16. Nf3
Ne7  17. Ne5  Ng6
18. f4  Rac8  19. Be2
Bc6  1/2-1/2

[Event "tht Extraliga 16/17,Lysa nad Labem B-Duras Brno"]
[Site "Lysa nad Labem"]
[Date "2016.12.10"]
[Round "3.3"]
[White "Danin, Alexandr"]
[Black "Simacek, Pavel"]
[WhiteElo "2580"]
[BlackElo "2471"]
[Result "1-0"]

1. e4  c5  2. Nf3  g6
3. d4  cxd4  4. Nxd4
Bg7  5. c4  Nc6
6. Nc2  Nf6  7. Nc3  O-O
8. Be2  d6  9. O-O
Be6  10. Bd2  Nd7
11. Rc1  Rc8  12. Kh1
a6  13. b3  Nc5
14. f3  Nd4  15. Nxd4  Bxd4
16. Bh6  Bg7  17. Bxg7
Kxg7  18. f4  f6
19. Qd4  Nd7  20. Rfd1
Qa5  21. a4  Qc5
22. Qd2  Qf2  23. Rf1
Qb6  24. Rb1  Qb4
25. Rfd1  Rfe8  26. Qe3
Qc5  27. Qg3  Rb8
28. Bg4  Nf8  29. Bxe6
Nxe6  30. Nd5  Rbc8
31. Qh3  Nf8  32. Qf3
Ne6  33. Qh3  Nf8
34. Rd3  Rc6  35. Rf1
Qa3  36. Rg3  b5
37. axb5  axb5  38. e5
dxe5  39. fxe5  Qb2
40. exf6+  exf6  41. Re3
Rce6  42. Rxe6  Rxe6
43. Qg3  Qe5  44. Nc7
Re7  45. Qxe5  Rxe5
46. Nxb5  Re3  47. Rb1
Ne6  48. b4  f5
49. c5  Re2  50. Rc1  Nf4
51. Nc3  Rb2  52. c6
Ne6  53. Nd5  Kh6
54. h3  f4  55. c7
Nxc7  56. Rxc7  Kg5
57. Rxh7  Kf5  58. Rc7
Ke4  59. Nxf4  Kxf4
60. Rc4+  1-0

[Event "tht Extraliga 16/17,Lysa nad Labem B-Duras Brno"]
[Site "Lysa nad Labem"]
[Date "2016.12.10"]
[Round "3.4"]
[White "Blahynka, Martin"]
[Black "Nguyen, Thai"]
[WhiteElo "2421"]
[BlackElo "2429"]
[Result "1/2-1/2"]

1. e4  c5  2. Nf3  d6
3. d4  cxd4  4. Nxd4
Nf6  5. Nc3  a6
6. Be2  e5  7. Nf3  Be7
8. Bg5  Be6  9. Bxf6
Bxf6  10. Nd5  Nd7
11. O-O  Be7  12. a4
Nc5  13. Nd2  O-O
14. b4  Bxd5  15. exd5
Nd7  16. a5  f5
17. c4  Bg5  18. Nb3  Rc8
19. Ra2  Kh8  20. Rc2
Nf6  21. c5  dxc5
22. Rxc5  Qd6  23. Qc2
Rxc5  24. bxc5  Qxd5
25. Qxf5  Qxb3  26. Qxg5
Qa2  27. Bd1  Qxa5
28. Qxe5  b6  29. Bf3
Qxc5  30. Qxc5  bxc5
31. Ra1  Re8  32. Kf1
Re6  33. Be2  Ne4
34. Rxa6  Rxa6  35. Bxa6
Nd6  1/2-1/2

[Event "tht Extraliga 16/17,Lysa nad Labem B-Duras Brno"]
[Site "Lysa nad Labem"]
[Date "2016.12.10"]
[Round "3.5"]
[White "Suran, Jan"]
[Black "Roubalik, Jakub"]
[WhiteElo "2425"]
[BlackElo "2410"]
[Result "1/2-1/2"]

1. e4  c5  2. Nf3  Nc6
3. Bb5  g6  4. O-O
Bg7  5. c3  Nf6
6. Re1  O-O  7. h3  d5
8. e5  Ne8  9. d4
cxd4  10. Bxc6  bxc6
11. cxd4  Nc7  12. Nc3
Ne6  13. Be3  f5
14. exf6  exf6  15. Qd2
Qa5  16. Bh6  Bxh6
17. Qxh6  Bd7  18. Re2
Rae8  19. Rae1  Qb4
20. Qd2  g5  21. g3
Qd6  22. Kg2  Ng7
23. Rxe8  Rxe8  24. Rxe8+
Bxe8  25. h4  h6
26. hxg5  hxg5  27. Nh2
Bg6  28. Ng4  Qe6
29. Qe2  Qxe2  30. Nxe2
Kf7  31. f3  Ne6
32. Kf2  Bd3  33. Nc3
Ke7  34. Ke3  Bf5
35. Nf2  Kd6  36. b4
Ng7  37. Nh1  Bg6
38. g4  f5  39. Nf2
Ne6  40. gxf5  Bxf5
41. Ne2  Kc7  42. Nd1
Kb6  43. Ndc3  a5
44. bxa5+  Kxa5  45. a3
Bc2  46. Nc1  Kb6
47. N1a2  Ng7  48. Kd2
Bb3  49. Nc1  Bc4
50. Na4+  Kb5  51. Nc5
Nf5  52. Ne6  Ka4
53. Nd3  Bxd3  54. Kxd3
Kxa3  55. Nxg5  Kb4
56. Ne6  Kb5  57. Nc5
Kb6  58. Nd7+  Kc7
59. Ne5  1/2-1/2

[Event "tht Extraliga 16/17,Lysa nad Labem B-Duras Brno"]
[Site "Lysa nad Labem"]
[Date "2016.12.10"]
[Round "3.6"]
[White "Vyskocil, Neklan"]
[Black "Londyn, Radek"]
[WhiteElo "2318"]
[BlackElo "2419"]
[Result "1/2-1/2"]

1. d4  d5  2. c4  e6
3. Nc3  Nf6  4. Bf4
dxc4  5. e3  Nd5
6. Bxc4  Nxf4  7. exf4
Bd6  8. g3  O-O
9. Nf3  b6  10. O-O  Bb7
11. Bd3  Nd7  12. Be4
Bxe4  13. Nxe4  Nf6
14. Nxf6+  Qxf6  15. Qe2
Rfd8  16. Rfd1  Qf5
17. Ne5  Bxe5  18. dxe5
h5  19. Rac1  c5
20. Qf3  Qg4  21. Qxg4
hxg4  22. f3  gxf3
23. Kf2  Kf8  24. Kxf3
Ke7  25. Ke4  g6
26. h3 Rac8 27. g4  Rh8  28. Rc3
c4  29. Rdc1  b5
30. b3  cxb3  31. axb3
Rxc3  32. Rxc3  Kd7
33. b4  a5  34. bxa5
Ra8  35. Ra3  Kc6
36. h4  b4  37. Ra1
Kb5  38. Kd3  Rd8+
39. Kc2  Kc4  40. a6
b3+  41. Kb2  Kb4
42. Rh1  Rd2+  43. Kb1
Ra2  44. h5  gxh5
45. gxh5  Rxa6  46. h6
Ra8  47. h7  Rh8
48. Kb2  Kc4  49. Rh4
Kd3  50. Kxb3  Ke4
51. Kc4  Kf5  52. Kc5
Kg6  53. Rg4+  Kh6
54. Kd6  Rxh7  55. Rg1
Rg7  56. Rh1+  Kg6
57. Ke7  Rg8  58. Rg1+
Kh7  59. Rh1+  Kg6
60. Rg1+  1/2-1/2

[Event "tht Extraliga 16/17,Lysa nad Labem B-Duras Brno"]
[Site "Lysa nad Labem"]
[Date "2016.12.10"]
[Round "3.7"]
[White "Cerveny, Martin"]
[Black "Chytilek, Roman"]
[WhiteElo "2395"]
[BlackElo "2331"]
[Result "1/2-1/2"]

1. d4  Nf6  2. Nf3  e6
3. g3  c5  4. Bg2
Qb6  5. O-O  Nc6
6. e3  cxd4  7. exd4
d5  8. c4  dxc4
9. Nbd2  Qa6  10. Ne5  Be7
11. Nxc6  bxc6  12. Qc2
O-O  13. Nxc4  Bb7
14. b4  Rad8  15. a3
Rxd4  16. Na5  Rc8
17. Be3  Rdd8  18. Rfc1
Nd5  19. Bc5  Bxc5
1/2-1/2

[Event "tht Extraliga 16/17,Lysa nad Labem B-Duras Brno"]
[Site "Lysa nad Labem"]
[Date "2016.12.10"]
[Round "3.8"]
[White "Nepomucky, Ondrej"]
[Black "Spacek, Petr"]
[WhiteElo "2206"]
[BlackElo "2374"]
[Result "1/2-1/2"]

1. d4  d5  2. c4  e6
3. Nc3  c5  4. cxd5
exd5  5. Nf3  Nc6
6. g3  Nf6  7. Bg2
Be7  8. O-O  O-O
9. Bg5  Be6  10. Rc1
c4  11. Ne5  Rc8
12. Nxc6  bxc6  13. Qc2
h6  14. Bf4  c5
15. dxc5  Bxc5  16. Rcd1  Qa5
17. Be5  Rfd8  18. Bxf6
gxf6  19. Bxd5  Bxd5
20. Nxd5  Rxd5  21. Rxd5
Bxf2+  22. Rxf2  Qxd5
23. Qf5  Qxf5  24. Rxf5
Rb8  25. Ra5  Rxb2
26. Rxa7  c3  27. Kf2
c2  28. Rc7  Rxa2
29. Ke3  Kg7  30. Kd3
Kg6  31. Rxc2  Rxc2
32. Kxc2  Kf5  33. h3
Ke4  34. Kd2  f5
35. Ke1  Ke3  36. Kf1
h5  37. Ke1  f4
38. gxf4  f5  39. Kf1  h4
40. Ke1  Kxf4  41. Kf2
Ke4  42. e3  f4 1/2-1/2

[Event "tht Extraliga 16/17,Lysa nad Labem A-Lokomotiva Brno"]
[Site "Lysa nad Labem"]
[Date "2016.12.10"]
[Round "3.1"]
[White "Najer, Evgeniy"]
[Black "Biolek, Richard"]
[WhiteElo "2679"]
[BlackElo "2438"]
[Result "1-0"]

1. d4  Nf6  2. c4  g6
3. Nc3  Bg7  4. e4
d6  5. f3  O-O
6. Bg5  c5  7. d5  Nbd7
8. Nh3  a6  9. Nf2
Rb8  10. a4  Qb6
11. Qc2  e5  12. g4
h6  13. Be3  Nh7
14. Qc1  g5  15. h4
f6  16. a5  Qc7
17. Rh2  Rf7  18. Nh1  Nhf8
19. h5  b6  20. axb6
Rxb6  21. Ng3  Nb8
22. Na4  Rb7  23. Bd2
Bd7  24. Be2  Bxa4
25. Rxa4  Nfd7  26. Nf5
Bf8  27. Bd1  Nb6
28. Ra3  Qc8  29. Re2
Ra7  30. Ree3  Rfb7
31. Ra5  Kh7  32. Rea3
Be7  33. Ba4  Nxa4
34. R5xa4  Bf8  35. b4
cxb4  36. Bxb4  a5
37. Rxa5  Rxa5  38. Bxa5
Qc5  39. Ke2  Nd7
40. Bd2  Nb6  41. Be3
Qxc4+  42. Qxc4  Nxc4
43. Ra8  Nxe3  44. Kxe3
Rb3+  45. Kf2  Rb2+
46. Kg3  Re2  47. Re8
Ra2  48. Re6  Ra7
49. Rxf6  Ra2  50. Nxd6
Kg8  51. Re6  Kh7
52. Nf5  Bb4  53. Rxh6+
Kg8  54. Rb6  Bd2
55. Rb8+  Kh7  56. Rb7+
Kh8  57. Kf2  Bf4+
58. Ke1  1-0

[Event "tht Extraliga 16/17,Lysa nad Labem A-Lokomotiva Brno"]
[Site "Lysa nad Labem"]
[Date "2016.12.10"]
[Round "3.2"]
[White "Druska, Juraj"]
[Black "Landa, Konstantin"]
[WhiteElo "2448"]
[BlackElo "2612"]
[Result "0-1"]

1. e4  c6  2. d4  d5
3. Nc3  dxe4  4. Nxe4
Bf5  5. Ng3  Bg6
6. Nh3  Nd7  7. Nf4
Qc7  8. Bc4  Ngf6
9. O-O  e6  10. Qf3
Bd6  11. c3  O-O
12. Nxg6  hxg6  13. Bg5
c5  14. Bxf6  Nxf6
15. dxc5  Bxc5  16. Ne4
Nxe4  17. Qxe4  Rfd8
18. Rad1  a5  19. g3
Ba7  20. Bb3  b5
21. a3  Qc5  22. Qe2
g5  23. Rxd8+  Rxd8
24. Rd1  Rxd1+  25. Bxd1
g6  26. Bc2  Kg7
27. Bd3  b4  28. axb4
axb4  29. cxb4  Qxb4
30. Bc4  Qc5  31. b3
Qd4  32. h3  e5
33. Bb5  f5  34. Ba6  e4
35. Bb5  Kf6  36. Ba6
Bc5  37. Bb7  Ke5
38. Bc6  Qc3  39. Kg2
Bxf2  40. Kxf2  Qxc6
41. Qb2+  Ke6  42. Qg7
Kd5  43. Qg8+  Kc5
44. Qd8  Kb4  45. Qxg5
Qc2+  46. Ke1  Qc3+
47. Ke2  Qd3+  48. Kf2
Kc3  49. Qc1+  Kxb3
50. Qc7  Kb2  51. h4
Qd2+  52. Kf1  Qd3+
53. Kf2  Qd2+  54. Kf1
e3  55. Qb6+  Kc2
56. Qc6+  Qc3  57. Qa4+
Kc1  58. Qa6  Qc2
59. Qa1+  Kd2  60. Qa5+
Qc3  61. Qa2+  Kd3
62. Qd5+  Qd4  63. Qb3+
Ke4  64. Qb7+  Qd5
65. Qb4+  Kd3  66. Qa3+
Kd4  67. Qb2+  Ke4
68. Qb4+  Qd4  69. Qb7+
Kd3  70. Qb1+  Kc4
71. Qa2+  Kb4  72. Qb1+
Kc5  73. Qe1  Qd3+
74. Kg1  Qd2  75. Qa1
Qf2+  76. Kh1  Qxg3
77. Qa7+  Kc4  78. Qa4+
Kd3  79. Qb3+  Ke4
80. Qc4+  Kf3  81. Qf1+
Kg4  0-1

[Event "tht Extraliga 16/17,Lysa nad Labem A-Lokomotiva Brno"]
[Site "Lysa nad Labem"]
[Date "2016.12.10"]
[Round "3.3"]
[White "Yemelin, Vasily"]
[Black "Burdalev, Kirill"]
[WhiteElo "2557"]
[BlackElo "2361"]
[Result "1-0"]

1. e4  e5  2. Nf3  Nc6
3. Bb5  a6  4. Ba4
d6  5. O-O  Bd7
6. c4  Nf6  7. Nc3  Bg4
8. d4  Nd7  9. Bxc6
bxc6  10. d5  c5
11. h3  Bxf3  12. Qxf3
Be7  13. a3  O-O
14. b4  Bg5  15. Na4
Nb6  16. Nb2  g6
17. bxc5  dxc5  18. Qc3
Bxc1  19. Raxc1  Qd6
20. f4  f6  21. fxe5
fxe5  22. Nd3  Rxf1+
23. Rxf1  Nd7  24. a4
Rb8  25. a5  Rb7
26. Qc2  Rb8  27. Rb1
Rxb1+  28. Qxb1  Kg7
29. Qb2  Kf7  30. Qb7
Nf6  31. Nf2  h5
32. Qc8  Nd7  33. Nd3
Ke7  34. g3  Nf6
35. Nf2  Nd7  36. Kg2
Nf6  37. Kf3  Nd7
38. Ke2  Nf6  39. Kd3
Ne8  40. Ke3  Qf6
41. Ke2  Qd6  42. Nd3
Nf6  43. Ke3  Ne8
44. Ne1  Qd7  45. Qxa6
Nd6  46. Nf3  Qa4
47. Nd2  Qa3+  48. Ke2
Qxg3  49. Qc6  Qg2+
50. Kd1  Qg1+  51. Kc2
Kd8  52. a6  Qa1
53. h4  Qa2+  54. Kd3
Qa3+  55. Ke2  Qa2
56. Kd3  Qa3+  57. Ke2
Qa2  58. Qa8+  Nc8
59. a7  Qxa7  60. Qxa7
Nxa7  61. Nf3  Nc8
62. Nxe5  Ne7  63. Ke3
Ke8  64. Nd3  c6
65. Nxc5  cxd5  66. cxd5
Kf7  67. Kf4  Nc8
68. e5  Ne7  69. e6+
Kf6  70. Ne4+  Kg7
71. Ke5  g5  72. Nxg5
Ng6+  73. Kd6  Nxh4
74. e7  Nf5+  75. Kd7
1-0

[Event "tht Extraliga 16/17,Lysa nad Labem A-Lokomotiva Brno"]
[Site "Lysa nad Labem"]
[Date "2016.12.10"]
[Round "3.4"]
[White "Kratochvil, Josef"]
[Black "Stocek, Jiri"]
[WhiteElo "2272"]
[BlackElo "2546"]
[Result "0-1"]

1. e4  e5  2. Nf3  Nc6
3. d4  exd4  4. Nxd4
Bb4+  5. c3  Bc5
6. Be3  Bb6  7. Bc4
Ne5  8. Be2  d6
9. Nd2  Nf6  10. h3  O-O
11. Qc2  Re8  12. O-O-O
Qe7  13. Rde1  Ng6
14. Bd3  d5  15. Nf5
Bxf5  16. exf5  Nf4
17. Rhg1  d4  18. cxd4
Bxd4  19. Nf3  Bxe3+
20. Rxe3  Qd6  21. Bc4
N4d5  22. Rxe8+  Rxe8
23. Kb1  c6  24. a3
Qf4  25. Re1  Rxe1+
26. Nxe1  Nb6  27. Bd3
Nbd7  28. g3  Qd6
29. Qe2  b5  30. f4
a5  31. Nf3  Kf8
32. Ne5  Qd5  33. g4 Nc5
34. Bc2  b4  35. axb4
axb4  36. g5  Nfd7
37. Nxd7+  Nxd7  38. Be4
Qd6  39. Qf3  c5
40. Bc2  c4  41. b3
c3  42. Qa8+  Ke7
43. Qe4+  Kd8  44. h4
Qc5  45. Qe1  f6
46. Bd3  Qd5  47. Bc2
Qf3  48. Qe6  Qxf4
49. g6  h6  50. h5
Qd4  51. Qa6  Kc7
52. Ka2  Ne5  53. Qa5+
Qb6  54. Qd5  Qa7+
0-1

[Event "tht Extraliga 16/17,Lysa nad Labem A-Lokomotiva Brno"]
[Site "Lysa nad Labem"]
[Date "2016.12.10"]
[Round "3.5"]
[White "Plat, Vojtech"]
[Black "Skliba, Martin"]
[WhiteElo "2532"]
[BlackElo "2268"]
[Result "1-0"]

1. d4  d5  2. c4  c6
3. Nc3  Nf6  4. cxd5
cxd5  5. Bf4  Nc6
6. e3  a6  7. Rc1
Bf5  8. Nf3  Rc8
9. a3  e6  10. b4
Bd6  11. Bxd6  Qxd6
12. Na4  O-O  13. Nc5
Qe7  14. Be2  Ne4
15. O-O  a5  16. b5
Nb8  17. Qa4  Nxc5
18. dxc5  Rxc5  19. Qxa5
Rfc8  20. Rxc5  Qxc5
21. Nd4  Nd7  22. Nxf5
exf5  23. a4  Nf6
24. Qe1  Ne4  25. Bd3
g6  26. a5  Nc3
27. a6  b6  28. Qa1  Nxb5
29. a7  Ra8  30. Rc1
Qb4  31. Rb1  Rxa7
32. Qe5  1-0

[Event "tht Extraliga 16/17,Lysa nad Labem A-Lokomotiva Brno"]
[Site "Lysa nad Labem"]
[Date "2016.12.10"]
[Round "3.6"]
[White "Kratochvil, Karel"]
[Black "Krejci, Jan"]
[WhiteElo "2222"]
[BlackElo "2490"]
[Result "0-1"]

1. e4  c5  2. c3  Nf6
3. Bd3  Nc6  4. Nf3
e5  5. O-O  Be7
6. Re1  d5  7. exd5  Qxd5
8. Qe2  Bg4  9. Bc4
Qd6  10. d3  O-O
11. h3  Bxf3  12. Qxf3
a6  13. a4  Rad8
14. Na3  Rfe8  15. Bg5
Nd5  16. Bxe7  Rxe7
17. Rad1  Red7  18. Bb3
Qc7  19. Bc2  Nf4
20. Nc4  f6  21. h4
b5  22. axb5  axb5
23. Ne3  Ne7  24. Ng4
Qc6  25. Re4  Rd6
26. d4  cxd4  27. Bb3+
Kh8  28. cxd4  Nf5
29. d5  Qc8  30. g3
Nxd5  31. h5  h6
32. Ree1  Nde7  33. Rxd6
Rxd6  34. Qe4  Rd4
35. Qe2  Nxg3  36. fxg3
Qxg4  37. Qxg4  Rxg4
38. Kf2  Rb4  39. Re3
g6  40. Rc3  gxh5
41. Be6  Rxb2+  42. Kf3
Kg7  43. Rc7  Kf8
44. Rb7  f5  45. Bd7
Rb3+  46. Kf2  e4
47. Bxb5  Nd5  48. Bc6
Rxb7  49. Bxb7  Ne7
50. Ke3  Kg7  0-1

[Event "tht Extraliga 16/17,Lysa nad Labem A-Lokomotiva Brno"]
[Site "Lysa nad Labem"]
[Date "2016.12.10"]
[Round "3.7"]
[White "Jansa, Vlastimil"]
[Black "Kratochvil, Milan"]
[WhiteElo "2419"]
[BlackElo "2205"]
[Result "1-0"]

1. e4  e5  2. Nf3  Nf6
3. Nxe5  d6  4. Nf3
Nxe4  5. Bd3  Nc5
6. Be2  d5  7. d4
Ne4  8. O-O  Be7
9. c4  Nc6  10. cxd5
Qxd5  11. Nc3  Nxc3
12. bxc3  Bf5  13. Bf4
Rc8  14. c4  Qe4
15. Be3  Bf6  16. d5
Bxa1  17. Qxa1  Ne7
18. Ng5  Qc2  19. Qxg7
Rf8  20. Re1  Rd8
21. Bc5  Rd7  22. Bh5
Bg6  23. Qf6  1-0

[Event "tht Extraliga 16/17,Lysa nad Labem A-Lokomotiva Brno"]
[Site "Lysa nad Labem"]
[Date "2016.12.10"]
[Round "3.8"]
[White "Kulovana, Eva"]
[Black "Meduna, Eduard"]
[WhiteElo "2176"]
[BlackElo "2370"]
[Result "0-1"]

1. e4  c6  2. d4  d5
3. Nd2  dxe4  4. Nxe4
Nd7  5. Ng5  Ngf6
6. Bd3  e6  7. N1f3
Bd6  8. Qe2  h6
9. Ne4  Nxe4  10. Qxe4  Qc7
11. Bd2  b6  12. O-O-O
Bb7  13. Kb1  O-O-O
14. Qe2  c5  15. Ba6
Bxa6  16. Qxa6+  Kb8
17. Qe2  c4  18. c3
Nf6  19. Bc1  b5
20. Rhe1  Nd5  21. Ne5
Bxe5  22. Qxe5  Qxe5
23. dxe5  Kc7  24. Kc2
Rd7  25. Be3  Kc6
26. g3  Rhd8  27. Bd4
h5  28. Re4  Ne7
29. f3  a6  30. a3
Nf5  31. Rd2  a5
32. Kc1  b4  33. axb4
axb4  34. Be3  Nxe3
35. Rxd7  Rxd7  36. Rxe3
b3  37. Re4  Kc5
38. Rf4  g5  39. Re4
Rd3  40. f4  Kd5
41. Re2  gxf4  42. gxf4
Rf3  43. Rd2+  Ke4
44. Rd4+  Ke3  45. Rd1
Kxf4  46. Rd4+  Ke3
47. Rd1  Rf5  48. h3
Rxe5  49. Re1+  Kf4
50. Rf1+  Kg3  51. Rxf7
Re4  52. Kd2  Kxh3
53. Rg7  h4  54. Rg6
Kh2  55. Rg8  h3
56. Rg6  Kh1  57. Rg3
h2  58. Rg6  Re5
59. Rg4  Ra5  60. Ke3
Ra2  61. Kf3  Rxb2
62. Re4  Rb1  63. Re2
Rc1  64. Kf2  Rc2
0-1

[Event "tht Extraliga 16/17,Labortech Ostrava-BSS Frydek Mistek"]
[Site "Frydek-Mistek"]
[Date "2016.12.11"]
[Round "4.1"]
[White "Dziuba, Martin"]
[Black "Azarov, Sergei"]
[WhiteElo "2564"]
[BlackElo "2600"]
[Result "1/2-1/2"]

1. d4  d5  2. c4  e6
3. Nf3  Nf6  4. g3
dxc4  5. Bg2  a6
6. O-O  Nc6  7. e3
Bd7  8. Qe2  Bd6
9. Qxc4  O-O  10. Nc3
b5  11. Qd3  e5
12. a3  Rc8  13. b4  Re8
14. Nd2  exd4  15. exd4
Ne7  16. Nde4  Nxe4
17. Bxe4  h6  18. Qf3
Bh3  19. Re1  Qd7
20. Bb2  Bg4  21. Qg2
Rcd8  22. f3  Bh3
23. Qf2  c6  24. Bc2
a5  25. bxa5  Bc7
26. a6  Ba5  27. Red1
Bxc3  28. Bxc3  Nd5
29. Bd2  Bf5  30. Bb3
1/2-1/2

[Event "tht Extraliga 16/17,Labortech Ostrava-BSS Frydek Mistek"]
[Site "Frydek-Mistek"]
[Date "2016.12.11"]
[Round "4.2"]
[White "Fedorov, Aleksei"]
[Black "Jakubiec, Artur"]
[WhiteElo "2573"]
[BlackElo "2493"]
[Result "1/2-1/2"]

1. e4  c5  2. Nf3  Nc6
3. d4  cxd4  4. Nxd4
Nf6  5. Nc3  e5
6. Ndb5  d6  7. Bg5  a6
8. Na3  b5  9. Nd5
Be7  10. Bxf6  Bxf6
11. c3  Bg5  12. Nc2
Rb8  13. a3  O-O
14. Ncb4  Bb7  15. Nxc6
Bxc6  16. Be2  Qd7
17. Qd3  Qb7  18. Rd1
Bxd5  19. Qxd5  Qxd5
20. Rxd5  Bc1  21. Rxd6
Bxb2  22. Rxa6  Bxc3+
23. Kf1  b4  24. axb4
Rxb4  25. g3  Rb2
26. Bc4  Bd4  27. Kg2
Rxf2+  28. Kh3  g6
29. Ra2  Rf6  30. Rb1
Rc8  31. Bd5  Kg7
32. Kg2  h5  33. Rf1
Rxf1  34. Kxf1  Rc1+
35. Kg2  Rg1+  36. Kf3
f5  37. Rc2  f4
38. gxf4  Rf1+  39. Kg2  Rxf4
40. h3  Kh6  41. Rc6
Rf2+  42. Kh1  Kg5
43. Ra6  Rf1+  44. Kg2
Rb1  45. Bf7  Bb6
46. Kg3  Kf6  47. Bd5
Kg7  48. Bc6  Rb2
49. Be8  Kh6  50. Bf7
Kg5  51. h4+  Kf6
52. Be8  Rb3+  53. Kg2
Rb4  54. Kh3  Rb3+
55. Kg2  g5  56. hxg5+
Kxg5  57. Bf7  Rb2+
58. Kh3  Rb1  59. Ra8
Kf4  60. Rh8  Rh1+
61. Kg2  Rg1+  62. Kh2
Rg7  63. Bd5  Rg5
64. Rf8+  Ke3  65. Rg8
Rxg8  1/2-1/2

[Event "tht Extraliga 16/17,Labortech Ostrava-BSS Frydek Mistek"]
[Site "Frydek-Mistek"]
[Date "2016.12.11"]
[Round "4.3"]
[White "Pakleza, Zbigniew"]
[Black "Antoniewski, Rafal"]
[WhiteElo "2483"]
[BlackElo "2532"]
[Result "1/2-1/2"]

1. d4  Nf6  2. Nf3  g6
3. c4  Bg7  4. Nc3
O-O  5. h3  d5
6. e3  c5  7. cxd5  cxd4
8. exd4  Nxd5  9. Be2
Nc6  10. O-O  Be6
11. Ne4  Bf5  12. Ng3
Be6  13. Qa4  Nb6
14. Qa3  Bd5  15. Rd1
Bxf3  16. Bxf3  Nxd4
17. Bg5  Nc4  18. Qb4
Qa5  19. Qxa5  Nxf3+
20. gxf3  Nxa5  21. Bxe7
Rfe8  22. Rd7  Nc6
23. Ba3  b5  24. Rc1
Ne5  25. Rb7  Nxf3+
26. Kg2  Nh4+  27. Kf1
Rab8  28. Rxb8  Rxb8
29. Bd6  Re8  30. b4
Nf3  31. Rc7  Bd4
32. Be7  f5  33. Rb7
a6  34. Ne2  Be5
35. Nc1  Nd2+  36. Kg2
Ne4  37. Nd3  Bd4
38. Rd7  Bg7  39. Nc5
1/2-1/2